Statistics for Sequential US State Shapes

Click here to take the quiz!

General Stats

  • This quiz has been taken 717 times
  • The average score is 14 of 20

Answers on the Map

Answers color-coded by a green-red scale on the quiz's map according to % correct below.
 

Answer Stats

State% Correct
Kentucky
87%
Minnesota
83%
Alabama
82%
Washington
81%
Florida
79%
Iowa
79%
Maryland
79%
Missouri
77%
Georgia
76%
Idaho
76%
North Carolina
75%
Ohio
74%
Arizona
73%
Nebraska
73%
Pennsylvania
73%
Wyoming
72%
Connecticut
71%
New Jersey
70%
New York
70%
South Carolina
70%
Illinois
68%
Indiana
68%
Michigan
68%
Oklahoma
68%
California
67%
Wisconsin
67%
Arkansas
65%
Delaware
65%
Mississippi
65%
Virginia
65%
West Virginia
65%
Montana
63%
Texas
63%
Vermont
63%
New Hampshire
62%
Louisiana
60%
Utah
60%
Hawaii
59%
Maine
59%
Tennessee
59%
North Dakota
58%
Massachusetts
57%
Nevada
57%
New Mexico
57%
Alaska
55%
Oregon
55%
Kansas
52%
South Dakota
52%
Rhode Island
50%
Colorado
46%

Score Distribution

Percentile by Number Answered

Percent of People with Each Score

Your Score History

You have not taken this quiz